000
00501nam a2200157Ia 4500
008
090711s9999 xx 000 0 und d
082
_b
37823
100
_a
भावे पुरुषोत्तम भा.
245
_a
देव्हारा
260
_c
1977
600
_a
भावे पुरुषोत्तम भा.
630
_a
देव्हारा
700
_a
भावे पुरुषोत्तम भा.
730
_a
देव्हारा
942
_c
BOOK
999
_c
320801
_d
320801